Hayvanlar Aleminden Masallar Seti - UĞURBÖCEKLERİNİN KAHVALTISI (Record no. 1285652)
[ view plain ]
| 000 -LEADER | |
|---|---|
| sabit uzunluktaki kontrol alanı | 00294nam a2200097Ia 4500 |
| 001 - KONTROL NUMARASI | |
| kontrol alanı | 1285652 |
| 005 - EN SON İŞLEMİN TARİH VE ZAMANI | |
| kontrol alanı | 20260417163808.0 |
| 008 - SABİT-UZUNLUKTA VERİ ÖĞELERİ--GENEL BİLGİ | |
| sabit uzunluktaki kontrol alanı | 260417s9999 xx 000 0 und d |
| 245 #0 - ESER / YAZAR | |
| ESER ADI | Hayvanlar Aleminden Masallar Seti - UĞURBÖCEKLERİNİN KAHVALTISI |
| Yazar Adı | Yasemin Katı |
| 260 ## - YAYIN, DAĞITIM, VB. | |
| YAYIN EVİ | Beyan Yayınları |
| Düşüm durumu | Kayıp durumu | Hasar Durumu | Ödünç verilmez | Ana kütüphane | Geçerli Kütüphane | Edinilen tarih | Toplam ödünç verme sayısı | Barkod | Son görüntüleme tarihi | Fiyatın geçerli olmaya başladığı tarih | Koha materyal türü |
|---|---|---|---|---|---|---|---|---|---|---|---|
| ŞEHİT MESUT ESAT KAYA İLKOKULU | ŞEHİT MESUT ESAT KAYA İLKOKULU | 17.04.2026 | 11063903 | 17.04.2026 | 17.04.2026 | Books |